Esta vez es distinto ocho siglos de necedad financiera (Registro nro. 182140)

Detalles MARC
000 -ENCABEZADO
Número de control [NR] 01018 a2200265 4500
005 - FECHA Y HORA DE LA ÚLTIMA TRANSACCIÓN
control field 20211105120741.0
008 - DE LONGITUD FIJA DE DATOS DE ELEMENTOS - INFORMACIÓN GENERAL
Elementos de longitud fija [NR] 131118s2011 sp d frn 001 0dspa d
020 ## - NUMERO INTERNACIONAL NORMALIZADO PARA LIBROS [R]
Número Internacional Normalizado del libro [NR] 9786071606662
040 ## - FUENTE DE CATALOGACION [NR]
Agencia de catalogación original [NR] Co-BoUCM
Idioma de catalogación [NR] spa
Quien Cataloga
Quien Clasifica Aldemar Mondragón
041 00 - CODIGO DE IDIOMA [R]
Código de idioma para texto/pista de sonido o título separado [R] Español
100 1# - ASIENTO PRINCIPAL--NOMBRE PERSONAL [NR]
Nombre personal [NR] Reinhart, Carmen M.
ID Autoridad 40317
245 10 - MENCION DE TITULO [NR]
Título [NR] Esta vez es distinto ocho siglos de necedad financiera
Mención de responsabilidad, etc. [NR] Carmen M. Reinhart, Kenneth S. Rogoff
260 ## - PUBLICACION, DISTRIBUCION, ETC. (PIE DE IMPRENTA) [R]
Nombre del editor, distribuidor, etc. [R] Fondo de Cultura Económica
Lugar de publicación, distribución, etc. [R] Madrid
Fecha de publicación, distribución, etc. [R] 2011
300 ## - DESCRIPCION FISICA [R]
Extensión [R] 470 páginas
Otros detalles físicos [NR] tablas, gráficos y diagramas
490 ## - MENCION DE SERIE [R]
Mención de serie [R] Sección de Obras de Economía
504 ## - NOTA DE BIBLIOGRAFIA, ETC. [R]
Nota de bibliografía, etc. [NR] Incluye referencias bibliográficas e índices
650 #7 - ASIENTO SECUNDARIO DE MATERIA - TERMINO TEMATICO [R]
Término temático o nombre geográfico como elemento de entrada [NR] Crisis financiera
9 (RLIN) 12166
650 #7 - ASIENTO SECUNDARIO DE MATERIA - TERMINO TEMATICO [R]
Término temático o nombre geográfico como elemento de entrada [NR] Economía
Subdivisión general [R] Historia
9 (RLIN) 33748
650 #7 - ASIENTO SECUNDARIO DE MATERIA - TERMINO TEMATICO [R]
Término temático o nombre geográfico como elemento de entrada [NR] Finanzas
Subdivisión general [R] Historia
9 (RLIN) 51037
690 ## - ASUNTO AGREGADO LOCAL DE ENTRADA - TÉRMINO TEMÁTICO (OCLC, RLIN)
Acceso temático local Macroeconomía
9 (RLIN) 18838
700 ## - ASIENTO SECUNDARIO - NOMBRE PERSONAL [R]
Nombre personal [NR] Rogoff, Kenneth S.
9 (RLIN) 40318
765 ## - ASIENTO DE IDIOMA ORIGINAL [R]
Título [NR] This time is different. Eight centuries of financial folly
942 ## - ELEMENTOS DE ENTRADA AGREGADOS (KOHA)
Tema principal Economía
Tipo de ítem principal el descrito en 300a Libro
Edición 1
Parte restante de la signatura top. R371e
Sistema de clasificación DEWEY
Clasificación 338.542
Existencias
Fecha de último préstamo Total préstamos Total Renewals Signatura topográfica Código de barras Última vez visto Ejemplar Costo de reposición Price effective from Tipo de ítem Perdido Sistema de clasificación Dañado No prestable Tipo de ítem específico Suprimido Ubicación habitual Ubicación actual Localización Fecha de creación Proveedor Forma de adquisición Costo
12/03/2020 49 38 338.542 R371e 100137763 03/12/2025 Ej.2 43000.00 05/11/2013 Libro   DEWEY     Libro   Claustro Claustro Mezanine 05/11/2013 15 Compra 43000.00
17/08/2018 27   338.542 R371e 100137762 03/12/2025 Ej.1 43000.00 05/11/2013 Libro de reserva   DEWEY     Libro de reserva   Claustro Claustro Mezanine 05/11/2013 15 Compra 43000.00